[Event "NB II. Erkel csoport"]
[Site "Szada"]
[Date "2023.10.29"]
[Round "2.9"]
[White "Torok, Tamas"]
[Black "Veres, Istvan"]
[Result "1-0"]
[WhiteElo "1872"]
[BlackElo "1579"]
[PlyCount "55"]
[EventDate "2023.10.08"]
[EventType "team-tourn"]
[EventRounds "9"]
[EventCountry "HUN"]
[Source "chess.hu"]
[WhiteTeam "Vaci SC"]
[BlackTeam "Godolloi SBE"]
[WhiteTeamCountry "HUN"]
[BlackTeamCountry "HUN"]

1. d4 e6 2. c4 d5 3. Nf3 Nf6 4. Bf4 Bd6 5. Bg3 c5 6. e3 O-O 7. Nc3 Nc6 8. Be2
b6 9. Bh4 dxc4 10. dxc5 Bxc5 11. Bxc4 Be7 12. Qa4 Bb7 13. O-O a6 14. Rfd1 Qc7
15. Bg3 e5 16. Nd5 Nxd5 17. Bxd5 Bd6 18. Rac1 Rac8 19. Rc2 b5 20. Qe4 Qb6 21.
Ng5 g6 22. Qh4 h5 23. Bf3 Be7 24. Bxh5 gxh5 25. Qxh5 Bxg5 26. Qxg5+ Kh7 27. Rd6
f6 28. Rd7+ 1-0

[Event "NB II. Erkel csoport"]
[Site "Szada"]
[Date "2023.10.29"]
[Round "2.10"]
[White "Nagy, Adrian"]
[Black "Harkai, Emma"]
[Result "0-1"]
[WhiteElo "1562"]
[BlackElo "1817"]
[PlyCount "42"]
[EventDate "2023.10.08"]
[EventType "team-tourn"]
[EventRounds "9"]
[EventCountry "HUN"]
[Source "chess.hu"]
[WhiteTeam "Godolloi SBE"]
[BlackTeam "Vaci SC"]
[WhiteTeamCountry "HUN"]
[BlackTeamCountry "HUN"]

1. e4 e5 2. Nf3 Nc6 3. Bc4 Bc5 4. O-O Nf6 5. d3 O-O 6. Bg5 d6 7. a3 h6 8. Bh4
Nd4 9. Nxd4 Bxd4 10. c3 Bb6 11. h3 c6 12. Nd2 g5 13. Bg3 Qe7 14. Kh1 Kg7 15. h4
Bg4 16. f3 Nh5 17. Qe1 Bd7 18. Nb3 Bd8 19. hxg5 Qxg5 20. Bf2 Nf4 21. Rg1 Qh5+
0-1

[Event "NB II. Erkel csoport"]
[Site "Szada"]
[Date "2023.10.29"]
[Round "2.11"]
[White "Prohaszka, Gyula Imre"]
[Black "Haaz, Gabor Istvan"]
[Result "1/2-1/2"]
[WhiteElo "1542"]
[BlackElo "1437"]
[PlyCount "47"]
[EventDate "2023.10.08"]
[EventType "team-tourn"]
[EventRounds "9"]
[EventCountry "HUN"]
[Source "chess.hu"]
[WhiteTeam "Vaci SC"]
[BlackTeam "Godolloi SBE"]
[WhiteTeamCountry "HUN"]
[BlackTeamCountry "HUN"]

1. d4 d5 2. c4 c6 3. Nc3 Nf6 4. Bf4 dxc4 5. e3 Bf5 6. Bxc4 e6 7. Nf3 Nbd7 8.
O-O Nh5 9. Bg3 Nxg3 10. fxg3 Bd6 11. e4 Bg6 12. d5 Bc5+ 13. Kh1 exd5 14. exd5
O-O 15. dxc6 bxc6 16. Nh4 Ne5 17. Nxg6 hxg6 18. Bb3 Nd3 19. Qc2 Qd4 20. h3 Rae8
21. Kh2 Nf2 22. Qxg6 Re5 23. Qxc6 Ng4+ 24. Kh1 1/2-1/2

[Event "NB II. Erkel csoport"]
[Site "Szada"]
[Date "2023.10.29"]
[Round "2.12"]
[White "Dezso, Edmond Bence"]
[Black "Barna, Kristof"]
[Result "1/2-1/2"]
[WhiteElo "1313"]
[BlackElo "1463"]
[PlyCount "33"]
[EventDate "2023.10.08"]
[EventType "team-tourn"]
[EventRounds "9"]
[EventCountry "HUN"]
[Source "chess.hu"]
[WhiteTeam "Godolloi SBE"]
[BlackTeam "Vaci SC"]
[WhiteTeamCountry "HUN"]
[BlackTeamCountry "HUN"]

1. d4 Nf6 2. Bf4 d5 3. Nf3 c5 4. c3 Nc6 5. e3 Qb6 6. Qb3 c4 7. Qxb6 axb6 8. Na3
Bf5 9. Nh4 Bg6 10. Nxg6 hxg6 11. Be2 e6 12. Nc2 b5 13. a3 Kd7 14. O-O Bd6 15.
Bxd6 Kxd6 16. f3 Rhe8 17. e4 1/2-1/2

[Event "NB II. Erkel csoport"]
[Site "Vac"]
[Date "2023.12.10"]
[Round "3.1"]
[White "Nguyen, Huynh Minh Huy"]
[Black "Gyenes, Mate"]
[Result "1-0"]
[WhiteElo "2435"]
[BlackElo "2137"]
[PlyCount "73"]
[EventDate "2023.10.08"]
[EventType "team-tourn"]
[EventRounds "9"]
[EventCountry "HUN"]
[Source "chess.hu"]
[WhiteTeam "Dunaharaszti MTK II."]
[BlackTeam "Vaci SC"]
[WhiteTeamCountry "HUN"]
[BlackTeamCountry "HUN"]

1. d4 Nf6 2. Nf3 g6 3. g3 d5 4. Bg2 Bg7 5. O-O O-O 6. c4 c6 7. b3 dxc4 8. bxc4
c5 9. Bb2 cxd4 10. Nxd4 a6 11. Nc3 Qd6 12. e3 Nbd7 13. Qc1 Ne5 14. Ba3 Qc7 15.
Nd5 Nxd5 16. cxd5 Qd8 17. Rb1 Re8 18. h3 Qa5 19. Rd1 Bd7 20. Rxb7 Rac8 21. Nc6
Nxc6 22. dxc6 Be6 23. Rxe7 Rxe7 24. Bxe7 Bxa2 25. c7 Be6 26. Rd8+ Bf8 27. Rxf8+
Rxf8 28. Bxf8 Kxf8 29. c8=Q+ Bxc8 30. Qxc8+ Kg7 31. Bf1 Qe1 32. Qxa6 Kh6 33.
Qf6 Qd1 34. Qxf7 Kh5 35. Kg2 Kh6 36. Qf8+ Kg5 37. Qf4+ 1-0

[Event "NB II. Erkel csoport"]
[Site "Vac"]
[Date "2023.12.10"]
[Round "3.2"]
[White "Mirza, Solyom"]
[Black "Berczes, Csaba"]
[Result "0-1"]
[WhiteElo "2082"]
[BlackElo "2284"]
[PlyCount "74"]
[EventDate "2023.10.08"]
[EventType "team-tourn"]
[EventRounds "9"]
[EventCountry "HUN"]
[Source "chess.hu"]
[WhiteTeam "Vaci SC"]
[BlackTeam "Dunaharaszti MTK II."]
[WhiteTeamCountry "HUN"]
[BlackTeamCountry "HUN"]

1. e4 Nf6 2. e5 Nd5 3. c4 Nb6 4. c5 Nd5 5. Bc4 e6 6. Nc3 Bxc5 7. Qg4 O-O 8. d4
f5 9. exf6 Nxf6 10. Qh4 Be7 11. Bd3 d5 12. Bg5 h6 13. f4 Qe8 14. Nf3 hxg5 15.
fxg5 Qh5 16. Qg3 Bd6 17. Ne5 Ne4 18. Nxe4 dxe4 19. Be2 Qh7 20. O-O-O Nc6 21.
Bg4 Ne7 22. Rhf1 Nf5 23. Bxf5 Rxf5 24. Rxf5 Qxf5 25. Qh4 Be7 26. Kb1 e3+ 27.
Ka1 Qxg5 28. Qe4 Bf6 29. h4 Qg3 30. h5 Bxe5 31. dxe5 Bd7 32. h6 Bc6 33. Qc4
Qxe5 34. hxg7 e2 35. Re1 Rd8 36. Qc1 Qd4 37. Rh1 Qd1 0-1

[Event "NB II. Erkel csoport"]
[Site "Vac"]
[Date "2023.12.10"]
[Round "3.4"]
[White "Tornai, Imre"]
[Black "Markos, Adam"]
[Result "0-1"]
[WhiteElo "2038"]
[BlackElo "2101"]
[PlyCount "54"]
[EventDate "2023.10.08"]
[EventType "team-tourn"]
[EventRounds "9"]
[EventCountry "HUN"]
[Source "chess.hu"]
[WhiteTeam "Vaci SC"]
[BlackTeam "Dunaharaszti MTK II."]
[WhiteTeamCountry "HUN"]
[BlackTeamCountry "HUN"]

1. e4 c6 2. Nc3 d5 3. Nf3 Bg4 4. h3 Bxf3 5. Qxf3 e6 6. exd5 cxd5 7. d4 Nc6 8.
Bb5 Qb6 9. Be3 a6 10. Bxc6+ bxc6 11. Nd1 Nf6 12. O-O Bd6 13. b3 Ne4 14. c4 Bb8
15. Qg4 Qc7 16. g3 f5 17. Qh4 O-O 18. Bf4 Qb6 19. c5 Qb4 20. Be3 Ra7 21. Nb2
Qc3 22. Na4 Qd3 23. Rfe1 f4 24. Rad1 fxe3 25. Rxd3 exf2+ 26. Kf1 fxe1=Q+ 27.
Kxe1 Raf7 0-1

[Event "NB II. Erkel csoport"]
[Site "Vac"]
[Date "2023.12.10"]
[Round "3.5"]
[White "Szekeres, Tibor"]
[Black "Trajber, Csaba Dr"]
[Result "1/2-1/2"]
[WhiteElo "2033"]
[BlackElo "1953"]
[PlyCount "30"]
[EventDate "2023.10.08"]
[EventType "team-tourn"]
[EventRounds "9"]
[EventCountry "HUN"]
[Source "chess.hu"]
[WhiteTeam "Dunaharaszti MTK II."]
[BlackTeam "Vaci SC"]
[WhiteTeamCountry "HUN"]
[BlackTeamCountry "HUN"]

1. Nf3 Nf6 2. c4 e6 3. g3 d5 4. Bg2 Be7 5. O-O O-O 6. b3 b6 7. Bb2 Bb7 8. d4
dxc4 9. bxc4 c5 10. e3 Qc7 11. Nbd2 Ne4 12. Nxe4 Bxe4 13. Qb3 Qb7 14. Ne1 Bxg2
15. Nxg2 Nd7 1/2-1/2

[Event "NB II. Erkel csoport"]
[Site "Vac"]
[Date "2023.12.10"]
[Round "3.6"]
[White "Veres, Istvan"]
[Black "Szollosi, Laszlo"]
[Result "0-1"]
[WhiteElo "1982"]
[BlackElo "2038"]
[PlyCount "38"]
[EventDate "2023.10.08"]
[EventType "team-tourn"]
[EventRounds "9"]
[EventCountry "HUN"]
[Source "chess.hu"]
[WhiteTeam "Vaci SC"]
[BlackTeam "Dunaharaszti MTK II."]
[WhiteTeamCountry "HUN"]
[BlackTeamCountry "HUN"]

1. e4 e6 2. d4 d5 3. e5 c5 4. c3 Nc6 5. Nf3 Nge7 6. Bd3 cxd4 7. cxd4 Nf5 8.
Bxf5 exf5 9. O-O Be7 10. Nc3 Be6 11. Qb3 Rb8 12. Be3 g5 13. Rad1 Rg8 14. Bc1
Rg6 15. Ne2 Qd7 16. Ne1 f4 17. f3 Rc8 18. Bd2 Nxe5 19. Nd3 Nxd3 0-1

[Event "NB II. Erkel csoport"]
[Site "Vac"]
[Date "2023.12.10"]
[Round "3.7"]
[White "Kovacs, Istvan"]
[Black "Slezak, Robert"]
[Result "1-0"]
[WhiteElo "2059"]
[BlackElo "1978"]
[PlyCount "67"]
[EventDate "2023.10.08"]
[EventType "team-tourn"]
[EventRounds "9"]
[EventCountry "HUN"]
[Source "chess.hu"]
[WhiteTeam "Dunaharaszti MTK II."]
[BlackTeam "Vaci SC"]
[WhiteTeamCountry "HUN"]
[BlackTeamCountry "HUN"]

1. d4 Nf6 2. c4 g6 3. Nc3 d5 4. Nf3 Bg7 5. Bg5 Ne4 6. Bh4 Nxc3 7. bxc3 c5 8. e3
Nc6 9. cxd5 Qxd5 10. Be2 cxd4 11. cxd4 Qa5+ 12. Qd2 Qxd2+ 13. Kxd2 Bf5 14. Rac1
Be4 15. Bc4 Bxf3 16. gxf3 e6 17. Bb5 Kd7 18. Bg3 Rhc8 19. Bxc6+ Rxc6 20. Rxc6
bxc6 21. Rb1 Kc8 22. Kd3 Bf8 23. Kc4 Be7 24. e4 h5 25. h3 Bf8 26. a4 Be7 27. a5
Bd8 28. Kc5 Bxa5 29. Kxc6 Bd8 30. d5 exd5 31. exd5 Bb6 32. d6 f6 33. d7+ Kd8
34. Re1 1-0

[Event "NB II. Erkel csoport"]
[Site "Vac"]
[Date "2023.12.10"]
[Round "3.8"]
[White "Kiss, Pal Vac"]
[Black "Fodre, Sandor"]
[Result "1/2-1/2"]
[WhiteElo "1950"]
[BlackElo "1889"]
[PlyCount "91"]
[EventDate "2023.10.08"]
[EventType "team-tourn"]
[EventRounds "9"]
[EventCountry "HUN"]
[Source "chess.hu"]
[WhiteTeam "Vaci SC"]
[BlackTeam "Dunaharaszti MTK II."]
[WhiteTeamCountry "HUN"]
[BlackTeamCountry "HUN"]

1. e4 d5 2. exd5 Qxd5 3. Nc3 Qd6 4. d4 Nf6 5. Nf3 Bg4 6. Be2 e6 7. h3 Bh5 8.
Be3 a6 9. Ne5 Bxe2 10. Qxe2 Nbd7 11. Qf3 Qb4 12. O-O-O c6 13. Rhe1 Nxe5 14.
dxe5 Nd5 15. Rd4 Qa5 16. Ra4 Qc7 17. Bd2 O-O-O 18. Nxd5 Rxd5 19. Rf4 Rd7 20.
Qe3 g6 21. Ra4 c5 22. Qe4 Rd5 23. Ra3 Be7 24. Ba5 Qd7 25. Rd3 Rxd3 26. Qxd3 Qa4
27. Rd1 Bg5+ 28. Bd2 Rd8 29. Bxg5 Rxd3 30. Rxd3 Qe4 31. Be3 Qxe5 32. Rc3 b6 33.
g3 Qd5 34. b4 Qxa2 35. bxc5 b5 36. c6 Qa1+ 37. Kd2 Qa5 38. c7 b4 39. Rc5 Qb6
40. Rc4 Qd6+ 41. Kc1 a5 42. Rc5 a4 43. Rb5 e5 44. Bb6 Qc6 45. Rxb4 a3 46. Kb1
1/2-1/2

[Event "NB II. Erkel csoport"]
[Site "Vac"]
[Date "2023.12.10"]
[Round "3.9"]
[White "Kovacs, Milan"]
[Black "Torok, Tamas"]
[Result "1-0"]
[WhiteElo "2040"]
[BlackElo "1887"]
[PlyCount "99"]
[EventDate "2023.10.08"]
[EventType "team-tourn"]
[EventRounds "9"]
[EventCountry "HUN"]
[Source "chess.hu"]
[WhiteTeam "Dunaharaszti MTK II."]
[BlackTeam "Vaci SC"]
[WhiteTeamCountry "HUN"]
[BlackTeamCountry "HUN"]

1. e4 d6 2. Nc3 Nf6 3. Bc4 g6 4. f4 c6 5. Nf3 Bg4 6. O-O e5 7. h3 Bxf3 8. Qxf3
Nbd7 9. d3 Bg7 10. Be3 Qc7 11. a4 O-O 12. f5 Nb6 13. fxg6 hxg6 14. Bg5 Nxc4 15.
Bxf6 Nd2 16. Qg4 Nxf1 17. Rxf1 Bxf6 18. Rxf6 Kg7 19. Rf3 Qc8 20. Qg5 Qd8 21.
Qg4 Rh8 22. Nd1 Rh5 23. Rg3 Rh4 24. Qe2 Rf4 25. Ne3 Kf8 26. c3 Qh4 27. Kh2 Re8
28. b4 Rf6 29. Ng4 Rfe6 30. Rf3 Kg7 31. g3 Qh5 32. Qf2 R8e7 33. Nf6 Qg5 34. h4
Qxf6 35. Rxf6 Rxf6 36. Qxa7 Rf3 37. a5 Kf6 38. a6 bxa6 39. Qxa6 Rf2+ 40. Kh3
Ke6 41. Qxc6 Ra7 42. Qd5+ Ke7 43. Kg4 Ra1 44. d4 f6 45. Qb7+ Ke8 46. Qc8+ Kf7
47. Qd7+ Kg8 48. h5 f5+ 49. Kg5 Rg1 50. Qe8+ 1-0

[Event "NB II. Erkel csoport"]
[Site "Vac"]
[Date "2023.12.10"]
[Round "3.10"]
[White "Harkai, Emma"]
[Black "Neszmenyi, Zoltan"]
[Result "1-0"]
[WhiteElo "1780"]
[BlackElo "1853"]
[PlyCount "37"]
[EventDate "2023.10.08"]
[EventType "team-tourn"]
[EventRounds "9"]
[EventCountry "HUN"]
[Source "chess.hu"]
[WhiteTeam "Vaci SC"]
[BlackTeam "Dunaharaszti MTK II."]
[WhiteTeamCountry "HUN"]
[BlackTeamCountry "HUN"]

1. e4 e5 2. Nf3 Nc6 3. Bc4 Bc5 4. c3 Nf6 5. d4 exd4 6. cxd4 Bb4+ 7. Nbd2 Nxe4
8. d5 Ne7 9. O-O Nxd2 10. Bxd2 Bxd2 11. d6 Bb4 12. Ng5 O-O 13. Qh5 h6 14. Nxf7
Rxf7 15. Qxf7+ Kh7 16. dxe7 Qxe7 17. Bd3+ Kh8 18. Qxe7 Bxe7 19. Rfe1 1-0

[Event "NB II. Erkel csoport"]
[Site "Vac"]
[Date "2023.12.10"]
[Round "3.11"]
[White "Farkas, Sara"]
[Black "Prohaszka, Gyula Imre"]
[Result "1-0"]
[WhiteElo "1511"]
[BlackElo "1527"]
[PlyCount "91"]
[EventDate "2023.10.08"]
[EventType "team-tourn"]
[EventRounds "9"]
[EventCountry "HUN"]
[Source "chess.hu"]
[WhiteTeam "Dunaharaszti MTK II."]
[BlackTeam "Vaci SC"]
[WhiteTeamCountry "HUN"]
[BlackTeamCountry "HUN"]

1. d4 d5 2. c4 c6 3. Nf3 Nf6 4. e3 Bf5 5. Nc3 e6 6. Be2 dxc4 7. Bxc4 Bb4 8. Bd2
O-O 9. O-O b5 10. Be2 a5 11. Rc1 Bxc3 12. Rxc3 Ne4 13. Rc1 Qd5 14. a3 Nd7 15.
Nh4 Rfc8 16. Nxf5 Qxf5 17. f3 Nxd2 18. Qxd2 Nb6 19. Rc5 Qf6 20. Rfc1 Qh6 21.
Rxc6 Rxc6 22. Rxc6 Nd5 23. Bxb5 Qxe3+ 24. Qxe3 Nxe3 25. Rc3 Nd5 26. Rc5 Rb8 27.
Bc6 Nf4 28. Rxa5 Ne2+ 29. Kf1 Nxd4 30. Be4 f5 31. Ra8 Rxa8 32. Bxa8 Kf7 33. Ke1
Ke7 34. Bb7 g5 35. a4 Nb3 36. Ba6 Kd6 37. Bc4 Na5 38. b3 h5 39. Ke2 f4 40. Kd3
Nc6 41. Ke4 Na5 42. h4 Nb7 43. hxg5 Nc5+ 44. Kxf4 Nd3+ 45. Bxd3 e5+ 46. Ke4 1-0

[Event "NB II. Erkel csoport"]
[Site "Budapest"]
[Date "2023.12.10"]
[Round "3.1"]
[White "Nagyajtai, Gabor"]
[Black "Reviczki, Roland"]
[Result "0-1"]
[WhiteElo "2126"]
[BlackElo "2222"]
[PlyCount "104"]
[EventDate "2023.10.08"]
[EventType "team-tourn"]
[EventRounds "9"]
[EventCountry "HUN"]
[Source "chess.hu"]
[WhiteTeam "Godolloi SBE"]
[BlackTeam "TFSE"]
[WhiteTeamCountry "HUN"]
[BlackTeamCountry "HUN"]

1. d4 Nf6 2. Nf3 g6 3. g3 Bg7 4. Bg2 O-O 5. O-O d6 6. Nc3 d5 7. Re1 Bf5 8. Nh4
Bg4 9. h3 Be6 10. Be3 Qc8 11. Kh2 Rd8 12. Nf3 c6 13. Qd2 b6 14. Rad1 a5 15. Bh6
Ne4 16. Qe3 Nxf2 17. Bxg7 Nxd1 18. Qh6 f6 19. Rxd1 Qd7 20. Rf1 Bf5 21. g4 Bxc2
22. g5 Qe6 23. Ne5 Bf5 24. Ng4 Nd7 25. gxf6 exf6 26. e4 Bxg4 27. hxg4 Qf7 28.
exd5 c5 29. d6 Qxg7 30. Qxg7+ Kxg7 31. Bxa8 cxd4 32. Nd5 Rxa8 33. Re1 Ne5 34.
Kg3 h6 35. Nxb6 Rd8 36. d7 Kf7 37. Rh1 d3 38. Rxh6 d2 39. Rh1 Nxd7 40. Nxd7
Rxd7 41. Rd1 g5 42. Kf3 Rd4 43. Ke3 Rxg4 44. Rxd2 Rb4 45. Kd3 g4 46. Kc3 Kg6
47. Rd5 g3 48. a3 Rg4 49. Rd1 g2 50. Rg1 Kg5 51. b4 axb4+ 52. axb4 Kf4 0-1

[Event "NB II. Erkel csoport"]
[Site "Budapest"]
[Date "2023.12.10"]
[Round "3.2"]
[White "Laszlo, Csaba"]
[Black "Kozma, Gabor"]
[Result "1-0"]
[WhiteElo "2048"]
[BlackElo "2094"]
[PlyCount "99"]
[EventDate "2023.10.08"]
[EventType "team-tourn"]
[EventRounds "9"]
[EventCountry "HUN"]
[Source "chess.hu"]
[WhiteTeam "TFSE"]
[BlackTeam "Godolloi SBE"]
[WhiteTeamCountry "HUN"]
[BlackTeamCountry "HUN"]

1. e4 c5 2. Nf3 d6 3. d4 cxd4 4. Nxd4 Nf6 5. Nc3 a6 6. Be2 e6 7. Be3 Be7 8. Qd2
O-O 9. O-O-O b5 10. Bf3 b4 11. Nce2 e5 12. Nf5 Bxf5 13. exf5 e4 14. Bxe4 Nxe4
15. Qd5 Nxf2 16. Bxf2 Nd7 17. Bg3 Nf6 18. Qd3 Qa5 19. Kb1 d5 20. Nf4 Rfd8 21.
Bh4 d4 22. Rhe1 Qc5 23. g4 Ra7 24. Bf2 Rad7 25. h3 Nd5 26. Nxd5 Rxd5 27. Re4
Bf6 28. Rde1 h6 29. Re8+ Kh7 30. Rxd8 Rxd8 31. h4 Kg8 32. Qd2 Qd6 33. g5 hxg5
34. hxg5 Be5 35. Qe2 Bf4 36. Bh4 Bg3 37. Bxg3 Qxg3 38. g6 Rf8 39. Rh1 Qe3 40.
Qh5 Qh6 41. Qxh6 gxh6 42. Rxh6 fxg6 43. Rxg6+ Kh7 44. Rxa6 Rxf5 45. Kc1 Rf1+
46. Kd2 Rb1 47. b3 Kg7 48. Rd6 Ra1 49. Rxd4 Rxa2 50. Rxb4 1-0

[Event "NB II. Erkel csoport"]
[Site "Budapest"]
[Date "2023.12.10"]
[Round "3.3"]
[White "Sillye, Kalman"]
[Black "Adorjan, Attila"]
[Result "1/2-1/2"]
[WhiteElo "2036"]
[BlackElo "1980"]
[PlyCount "146"]
[EventDate "2023.10.08"]
[EventType "team-tourn"]
[EventRounds "9"]
[EventCountry "HUN"]
[Source "chess.hu"]
[WhiteTeam "Godolloi SBE"]
[BlackTeam "TFSE"]
[WhiteTeamCountry "HUN"]
[BlackTeamCountry "HUN"]

1. d4 Nf6 2. Nf3 e6 3. Bf4 c5 4. e3 Nc6 5. c3 b6 6. Nbd2 d5 7. Ne5 Nxe5 8. Bxe5
Be7 9. Bd3 O-O 10. O-O Bb7 11. Qe2 Rc8 12. Nf3 Ne4 13. h3 f6 14. Bh2 Bd6 15.
Bxd6 Qxd6 16. Rad1 Rfd8 17. Bb1 Qc7 18. Qc2 g6 19. Qe2 Nd6 20. Bd3 Re8 21. Ba6
c4 22. Bxb7 Qxb7 23. Nd2 b5 24. Qf3 Kg7 25. Rfe1 b4 26. e4 bxc3 27. bxc3 f5 28.
exd5 exd5 29. Re5 Rxe5 30. dxe5 Ne4 31. Nxe4 dxe4 32. Qe3 Rc7 33. Qd4 Qb6 34.
Kf1 Qxd4 35. Rxd4 Kf7 36. f4 exf3 37. gxf3 g5 38. Rd6 f4 39. h4 gxh4 40. Rf6+
Ke7 41. Rxf4 Ke6 42. Rxh4 Kxe5 43. Ke2 Kf5 44. Ke3 Re7+ 45. Kd4 Re2 46. Rxh7
Rxa2 47. Kxc4 Kf4 48. Rf7+ Ke3 49. Kb3 Ra1 50. f4 Ke4 51. Kc4 Ra4+ 52. Kc5 Ra3
53. Kb4 Ra1 54. f5 Ke5 55. c4 a5+ 56. Kb5 a4 57. Re7+ Kxf5 58. Kc6 a3 59. Re2
a2 60. c5 Kf6 61. Rc2 Ke6 62. Kc7 Ke7 63. c6 Kf7 64. Kc8 Ke7 65. c7 Kf7 66. Rd2
Ke7 67. Re2+ Kf7 68. Rf2+ Ke7 69. Rh2 Ke8 70. Re2+ Kf7 71. Rb2 Ke7 72. Rd2 Ke8
73. Re2+ Kf7 1/2-1/2

[Event "NB II. Erkel csoport"]
[Site "Budapest"]
[Date "2023.12.10"]
[Round "3.4"]
[White "Gabula, Adam"]
[Black "Fecske, Csaba"]
[Result "1-0"]
[WhiteElo "1952"]
[BlackElo "1936"]
[PlyCount "147"]
[EventDate "2023.10.08"]
[EventType "team-tourn"]
[EventRounds "9"]
[EventCountry "HUN"]
[Source "chess.hu"]
[WhiteTeam "TFSE"]
[BlackTeam "Godolloi SBE"]
[WhiteTeamCountry "HUN"]
[BlackTeamCountry "HUN"]

1. e4 c5 2. Nc3 e6 3. f4 d5 4. Nf3 dxe4 5. Nxe4 Nf6 6. Bb5+ Bd7 7. Bxd7+ Nbxd7
8. d3 Be7 9. Qe2 Qc7 10. Bd2 Rc8 11. c4 h6 12. O-O O-O 13. g3 a6 14. Bc3 b5 15.
b3 b4 16. Bb2 a5 17. Ne5 a4 18. Nxd7 Qxd7 19. Nxf6+ Bxf6 20. Bxf6 gxf6 21. Rad1
f5 22. Rfe1 Qd4+ 23. Kg2 axb3 24. axb3 Ra8 25. Qf2 Qc3 26. Rd2 Rfd8 27. Red1
Rd4 28. Qf3 Rad8 29. Kh3 Kh7 30. Qb7 R8d7 31. Qc8 Qxb3 32. Qxc5 Qc3 33. Ra2 Rd8
34. Ra7 R4d7 35. Rda1 Qxd3 36. Rxd7 Rxd7 37. Qxb4 Qe2 38. Qe1 Qxc4 39. Ra8 Qe4
40. Qa1 Qd4 41. Qxd4 Rxd4 42. Ra7 Kg6 43. Rb7 Rd2 44. Re7 Re2 45. Rb7 Rd2 46.
Re7 Kg7 47. Rb7 h5 48. Ra7 Kg6 49. Re7 Rd6 50. Kg2 Rd2+ 51. Kh3 Rd8 52. Kg2 h4
53. gxh4 Kf6 54. Ra7 Rg8+ 55. Kf3 Rg4 56. h3 Rxh4 57. Kg3 Rh7 58. Rb7 Kg6 59.
Re7 Kh5 60. Re8 Kg6 61. Rg8+ Rg7 62. Re8 f6 63. Kf3 Kf7 64. Ra8 e5 65. fxe5
fxe5 66. Ra7+ Kf6 67. Ra6+ Kg5 68. h4+ Kxh4 69. Re6 e4+ 70. Kf4 Rg5 71. Rh6+
Rh5 72. Rb6 Kh3 73. Rb2 e3 74. Rb3 1-0

[Event "NB II. Erkel csoport"]
[Site "Budapest"]
[Date "2023.12.10"]
[Round "3.5"]
[White "Papp, Lorinc"]
[Black "Varga, Boldizsar"]
[Result "1/2-1/2"]
[WhiteElo "1860"]
[BlackElo "1916"]
[PlyCount "24"]
[EventDate "2023.10.08"]
[EventType "team-tourn"]
[EventRounds "9"]
[EventCountry "HUN"]
[Source "chess.hu"]
[WhiteTeam "Godolloi SBE"]
[BlackTeam "TFSE"]
[WhiteTeamCountry "HUN"]
[BlackTeamCountry "HUN"]

1. e4 c5 2. c3 Nf6 3. e5 Nd5 4. Nf3 e6 5. Bc4 d6 6. d4 cxd4 7. cxd4 Nc6 8. O-O
Nb6 9. Bb5 Bd7 10. Nc3 dxe5 11. Nxe5 Nxe5 12. dxe5 a6 1/2-1/2

[Event "NB II. Erkel csoport"]
[Site "Budapest"]
[Date "2023.12.10"]
[Round "3.6"]
[White "Biro, Zsolt"]
[Black "Ruttkay, Peter"]
[Result "1/2-1/2"]
[WhiteElo "1880"]
[BlackElo "1974"]
[PlyCount "73"]
[EventDate "2023.10.08"]
[EventType "team-tourn"]
[EventRounds "9"]
[EventCountry "HUN"]
[Source "chess.hu"]
[WhiteTeam "TFSE"]
[BlackTeam "Godolloi SBE"]
[WhiteTeamCountry "HUN"]
[BlackTeamCountry "HUN"]

1. e4 g6 2. d4 Bg7 3. Nc3 d5 4. exd5 Nf6 5. Bb5+ Nbd7 6. Nf3 O-O 7. d6 exd6 8.
O-O c6 9. Bd3 Nb6 10. h3 Be6 11. b3 Nbd5 12. Nxd5 cxd5 13. Re1 Re8 14. Bg5 Qd7
15. a4 a6 16. Bxf6 Bxf6 17. Qd2 Rac8 18. Qf4 Bg7 19. Re2 Re7 20. Rae1 h6 21. h4
Rce8 22. h5 gxh5 23. Qh4 Kf8 24. Qxh5 Qc8 25. Re3 Bg4 26. Qxd5 Rxe3 27. Rxe3
Rxe3 28. fxe3 Qe6 29. Be4 b6 30. Kf2 Bf6 31. Qxe6 fxe6 32. Nd2 Bh4+ 33. g3 Bd8
34. Bf3 Bf5 35. Be4 Bg4 36. Bf3 Bf5 37. Be4 1/2-1/2

[Event "NB II. Erkel csoport"]
[Site "Budapest"]
[Date "2023.12.10"]
[Round "3.7"]
[White "Nagy, Daniel"]
[Black "Molnar, Gabor"]
[Result "1-0"]
[WhiteElo "1748"]
[BlackElo "1972"]
[PlyCount "65"]
[EventDate "2023.10.08"]
[EventType "team-tourn"]
[EventRounds "9"]
[EventCountry "HUN"]
[Source "chess.hu"]
[WhiteTeam "Godolloi SBE"]
[BlackTeam "TFSE"]
[WhiteTeamCountry "HUN"]
[BlackTeamCountry "HUN"]

1. d4 Nf6 2. Nf3 e6 3. c4 Bb4+ 4. Bd2 a5 5. a3 Be7 6. Nc3 O-O 7. e4 d6 8. Be2
Nbd7 9. Qc2 e5 10. d5 Nc5 11. b3 Ne8 12. Be3 Na6 13. Bd3 g6 14. Nd2 Bg5 15.
Bxg5 Qxg5 16. g3 Nc5 17. O-O-O a4 18. b4 Nb3+ 19. Kb2 Nd4 20. Qc1 c6 21. Bc2
Qd8 22. Bxa4 b5 23. Bb3 Bd7 24. f4 f6 25. dxc6 Be6 26. cxb5 Ng7 27. a4 Qb8 28.
a5 Nxb5 29. Nd5 Nd4 30. Nb6 Ra6 31. Bxe6+ Ngxe6 32. Qc4 Rf7 33. Qxa6 1-0

[Event "NB II. Erkel csoport"]
[Site "Budapest"]
[Date "2023.12.10"]
[Round "3.8"]
[White "Csalami, Gabor"]
[Black "Zamodics, Ferenc"]
[Result "1-0"]
[WhiteElo "1902"]
[BlackElo "1753"]
[PlyCount "119"]
[EventDate "2023.10.08"]
[EventType "team-tourn"]
[EventRounds "9"]
[EventCountry "HUN"]
[Source "chess.hu"]
[WhiteTeam "TFSE"]
[BlackTeam "Godolloi SBE"]
[WhiteTeamCountry "HUN"]
[BlackTeamCountry "HUN"]

1. d4 Nf6 2. c4 c5 3. d5 b5 4. cxb5 a6 5. e3 g6 6. Nc3 Bg7 7. Nf3 O-O 8. a4 Bb7
9. Be2 axb5 10. Bxb5 Na6 11. O-O Nb4 12. e4 d6 13. h3 Qc7 14. Qe2 Rfc8 15. Bc4
Nd7 16. Rd1 Nb6 17. Bb5 Ra5 18. Bf4 c4 19. Ne1 Rca8 20. Ra3 Ba6 21. Bxa6 Nxa6
22. Nb5 Qd7 23. Rda1 Rxa4 24. Rxa4 Nxa4 25. Rxa4 Qxb5 26. Qxc4 Qxc4 27. Rxc4
Bxb2 28. Nd3 Bf6 29. Rc6 Kg7 30. Be3 Nb8 31. Rc7 Ra1+ 32. Kh2 Na6 33. Ra7 Rd1
34. Rxa6 Rxd3 35. Ra7 h5 36. g4 hxg4 37. hxg4 g5 38. Kg2 Kg6 39. Kf1 Rb3 40.
Ke2 e6 41. dxe6 fxe6 42. Rd7 Be5 43. Rd8 Rb5 44. Rg8+ Bg7 45. Bd4 e5 46. Be3
Rb2+ 47. Kd3 Kf7 48. Rd8 Bf8 49. Kc4 Be7 50. Rh8 Rb1 51. Rh7+ Kf6 52. Kd5 Rd1+
53. Kc6 Rb1 54. Kd7 Bf8 55. Rh5 Rg1 56. Rxg5 Bh6 57. Rf5+ Kg6 58. Bxh6 Kxh6 59.
g5+ Kg6 60. Kxd6 1-0

[Event "NB II. Erkel csoport"]
[Site "Budapest"]
[Date "2023.12.10"]
[Round "3.9"]
[White "Szemelyi, Balazs"]
[Black "Szarvas, Nora"]
[Result "0-1"]
[WhiteElo "1762"]
[BlackElo "1963"]
[PlyCount "50"]
[EventDate "2023.10.08"]
[EventType "team-tourn"]
[EventRounds "9"]
[EventCountry "HUN"]
[Source "chess.hu"]
[WhiteTeam "Godolloi SBE"]
[BlackTeam "TFSE"]
[WhiteTeamCountry "HUN"]
[BlackTeamCountry "HUN"]

1. e4 c5 2. Nc3 d6 3. Bb5+ Bd7 4. Nf3 Bxb5 5. Nxb5 Qd7 6. Nc3 Nc6 7. d4 cxd4 8.
Nxd4 g6 9. Be3 Nf6 10. f3 Bg7 11. Nd5 O-O 12. O-O Rfc8 13. Rc1 Nxd5 14. exd5
Nb4 15. c4 Nxa2 16. Ra1 Nb4 17. Qe2 a5 18. Rfe1 Bf6 19. Nb5 Qf5 20. Ra4 Qd3 21.
Rxb4 Qxe2 22. Rxe2 axb4 23. b3 Ra1+ 24. Kf2 Rca8 25. g4 R8a2 0-1